000 01099nas a2200337 4500
001 BR2012009520
003 BR-BrBNA
005 20231205121642.0
007 ta
008 230509b bl.|||p| |||| 00| 00por d
040 _aBR-BrBNA
_bpor
_cBiblioteca Nacional de Agricultura
041 _a(Pt)
072 _aL50
100 1 _aMoraes, J.M.
100 1 _aBrito, L.A.B.
100 1 _aMoura, V.M.B.D. de
100 1 _aRibeiro, C.S.
100 1 _aGuimarães, V.Y.
100 1 _aAndrade, D.F.
100 1 _aLobo, J.R.
100 1 _aFioravanti, M.C.S.
245 1 _aImunofenotipagem e avaliação quantitativa de linfócitos circulantes de bovinos da raça Curraleiro
246 1 _aImmunophenotyping and quantitative evaluation of circulating lymphocytes of cattle of the Curraleiro breed
650 _aBOVINO
650 _aIMUNIDADE
650 _aLINFÓCITO
650 _aGLÓBULO BRANCO
773 0 _tPesquisa Veterinária Brasileira (Brazil)
_xISSN 0100-736X
_g(Apr 2009), v. 29(4) p. 339-344
_wBR2012009520
909 _a202311
_bLúcia
_c55
_dLúcia Elande
942 _2AGRIS
_n0
_cANA
999 _c224571
_d224571